000 00416nam a2200181Ia 4500
001 10335
005 20260306161824.0
008 260306t1970||||xx |||||||||||||| ||spa||
041 _aESP
082 _a920.02
_bJ72 T. 2
100 _aJones, Ernest
_eAUT
245 0 _aVida y obra de Sigmund Freud
260 _c1970
300 _apágs. :
_ccm.
650 _aGEN
654 _aCHU
942 _cLIB
_dJUS
_fJUS
_2ddc
_n
999 _c10335
_d10335